000
00328nam a2200145Ia 4500
100
_a
Deb/ S.R.
942
_c
RB
654
_a
Robotics
245
_a
Robotics Technology & Flexible Automation
260
_b
Tata Mc Graw hill
_a
New Delhi
_c
1994
082
_a
629.892
_b
DEB
300
_a
423
546
_a
ENGLISH
999
_c
21473
_d
21473